000 00391nam a22001217a 4500
005 20260629123208.0
100 _aMr Tasleem
_a21-MSCS-12
_aSupervisor - Prof.Dr. Fareed Ahmed Jokhio
_91028
245 _aSignature Fraud Detection by Using Deep Learning (Thesis MS)
260 _aNawabshah
_bQUEST
_c2025
300 _a91p.
700 _aDepartment of Information Technology
_9954
942 _cTHESIS
999 _c69086
_d69083